| 000 | 00847nam a2200241Ia 4500 | ||
|---|---|---|---|
| 003 | OSt | ||
| 005 | 20220923214913.0 | ||
| 006 | a|||||r|||| 00| 0 | ||
| 007 | ta | ||
| 008 | 220922b |||||||| |||| 00| 0 hin d | ||
| 024 | _a173,637 | ||
| 037 | _cTextual | ||
| 040 |
_aARTS _cARTS _bhin |
||
| 041 |
_2hin _ahin |
||
| 082 | _aO152,6M63x, J4.1-.3 | ||
| 100 |
_aओझा, गौरीशंकर हीराचन्द _9163494 |
||
| 245 | 0 | _aओझा निबन्ध संग्रह | |
| 246 | _aOzā nibandha sangraha | ||
| 260 |
_aराजस्थान _b साहित्य संस्थान _c1954 |
||
| 650 |
_aहिन्दी साहित्य _9156264 |
||
| 942 |
_hO152,6M63x, J4.1-.3 _cTEXL _2CC |
||
| 999 |
_c327501 _d327501 |
||